Calidad '88 : (Record no. 91475)
[ view plain ]
| 000 -LEADER | |
|---|---|
| fixed length control field | 01131nam a22001937a 4500 |
| 005 - DATE AND TIME OF LATEST TRANSACTION | |
| control field | 20230309142619.0 |
| 008 - FIXED-LENGTH DATA ELEMENTS--GENERAL INFORMATION | |
| fixed length control field | 230309b ag ||||| |||| 00| 0 spa d |
| 050 04 - LIBRARY OF CONGRESS CALL NUMBER | |
| Classification number | TS305 |
| Item number | S46 1988 |
| 111 2# - MAIN ENTRY--MEETING NAME | |
| Meeting name or jurisdiction name as entry element | Seminario ILAFA-IAS Calidad del Acero |
| Date of meeting | (1988 : |
| Location of meeting | Buenos Aires, Argentina) |
| 245 10 - TITLE STATEMENT | |
| Title | Calidad '88 : |
| Remainder of title | trabajos presentados al Seminario ILAFA-IAS Calidad del Acero / |
| Statement of responsibility, etc | organizado por el Instituto Latinoamericano del Fierro y el Acero (ILAFA) ... [et al.], 29 de mayo al 1o. de junio de 1988, Buenos Aires, Argentina = Quality '88 : papers presented at the ILAFA-IAS Seminar on Steel Quality / organized by the Instituto Latinoamericano del Fierro y el Acero (ILAFA) ... [et al.], May 29-June 1st, 1988, Buenos Aires, Argentina. |
| 250 ## - EDITION STATEMENT | |
| Edition statement | 1a ed. |
| 260 ## - PUBLICATION, DISTRIBUTION, ETC. (IMPRINT) | |
| Place of publication, distribution, etc | Buenos Aires, Argentina : |
| Name of publisher, distributor, etc | Instituto Latinoamericano del Fierro y el Acero, ILAFA, |
| Date of publication, distribution, etc | 1988 |
| 300 ## - PHYSICAL DESCRIPTION | |
| Extent | p. v. : |
| Other physical details | il. ; |
| Dimensions | 30 cm. |
| 500 ## - GENERAL NOTE | |
| General note | Material en Ingles y Español |
| 650 #7 - SUBJECT ADDED ENTRY--TOPICAL TERM | |
| Source of heading or term | lemb |
| Topical term or geographic name as entry element | Aceros calidad |
| Form subdivision | congresos |
| 650 #7 - SUBJECT ADDED ENTRY--TOPICAL TERM | |
| Source of heading or term | lemb |
| Topical term or geographic name as entry element | Aceros especificaciones |
| Form subdivision | congresos |
| 710 2# - ADDED ENTRY--CORPORATE NAME | |
| Corporate name or jurisdiction name as entry element | Instituto Latinoamericano del Fierro y ed Acero. |
| 942 ## - ADDED ENTRY ELEMENTS (KOHA) | |
| Source of classification or shelving scheme | Biblioteca del Cogreso de los Estados Unidos |
| Koha item type | Libro |
| Estado de pérdida | Fuente de clasificación | Estado del daño | No para préstamo | Ubicación permanente | Ubicación actual | Apartado o colección | Fecha de adquisición | Edición | Área del conocimiento | Total Checkouts | Clasificación | Código de Barras | Date last seen | Número de copia | Costo por reposición | Tipo de recurso |
|---|---|---|---|---|---|---|---|---|---|---|---|---|---|---|---|---|
| Biblioteca del Cogreso de los Estados Unidos | Biblioteca del Instituto de Investigación en Metalurgia y Materiales | Biblioteca del Instituto de Investigación en Metalurgia y Materiales | General | 09/03/2023 | 1a ed. | Ingeniería y Tecnología | TS305 S46 1988 | BIIM000000738 | 09/03/2023 | 1 | 1.00 | Libro |